[Event "RUS-chT U14 final"]
[Site "Sochi"]
[Date "2019.05.09"]
[Round "8.2"]
[White "Gavrilov, Maxim"]
[Black "Korobchenko, Yuri"]
[Result "1-0"]
[WhiteElo "1717"]
[BlackElo "1450"]
[PlyCount "75"]
[EventDate "2019.05.01"]
[EventType "team-tourn"]
[EventRounds "9"]
[EventCountry "RUS"]
[SourceTitle "CBM 190 Extra"]
[Source "ChessBase"]
[SourceDate "2019.07.15"]
[SourceVersion "1"]
[SourceVersionDate "2019.07.15"]
[SourceQuality "1"]

1. d4 Nf6 2. c4 e6 3. Nc3 Bb4 4. f3 Bxc3+ 5. bxc3 b6 6. e4 d6 7. Ne2 Bb7 8. Ng3 0-0 9. Bd3 Nbd7 10. 0-0 Re8 11. f4 e5 12. fxe5 dxe5 13. d5 Bc8 14. Qe2 Nc5 15. Bg5 Ncd7 16. Nh5 h6 17. Bxf6 Nxf6 18. Rxf6 gxf6 19. Rf1 f5 20. exf5 Qg5 21. Rf3 Kh8 22. Rg3 Qc1+ 23. Kf2 Qxc3 24. Rg4 e4 25. Qe3 Qd2+ 26. Qxd2 e3+ 27. Qxe3 Rxe3 28. Kxe3 Bd7 29. Nf6 Ba4 30. Kd2 h5 31. Nxh5 f6 32. Nxf6 Rf8 33. Rg6 a6 34. Bc2 Bxc2 35. Kxc2 b5 36. h4 bxc4 37. h5 c3 38. h6 1-0